| 000 | 01169cam a22003137i 4500 | ||
|---|---|---|---|
| 001 | 16062881 | ||
| 003 | EG-ScBUE | ||
| 005 | 20250429113639.0 | ||
| 008 | 100121t2009 njua f b 001 0 eng d | ||
| 020 | _a0470465905 (hbk.) | ||
| 020 | _a9780470465905 (hbk.) | ||
| 040 |
_aEG-ScBUE _beng _erda _cEG-ScBUE _dEG-ScBUE |
||
| 082 | 0 | 4 |
_a530.141 _222 _bHIL |
| 100 | 1 |
_aHill, David A., _931433 _eauthor. |
|
| 245 | 1 | 0 |
_aElectromagnetic fields in cavities : _bdeterministic and statistical theories / _cDavid A. Hill, Electromagnetics Division, National Institute of Standards and Technology. |
| 264 | 1 |
_aPiscataway, N.J. : _bIEEE Press, _c[2009] |
|
| 264 | 4 | _cc2009 | |
| 300 |
_axiv, 280 pages : _billustrations ; _c25 cm. |
||
| 336 |
_2rdacontent _atext _btxt |
||
| 337 |
_aunmediated _2rdamedia _bn |
||
| 338 |
_avolume _bnc _2rdacarrier |
||
| 490 | 1 | _aIEEE Press series on electromagnetic wave theory | |
| 500 | _aIncludes Appendices. | ||
| 504 | _aIncludes bibliographical references and index. | ||
| 650 | 7 |
_aElectromagnetic fields. _931434 _2BUEsh |
|
| 650 | 7 |
_aMaxwell equations _xNumerical solutions. _931435 _2BUEsh |
|
| 655 | _vReading book | ||
| 942 |
_2ddc _cBB |
||
| 999 |
_c17102 _d17074 |
||